Statistics for JFK Terminal 5 Restaurants and Retail Shops

Click here to take the quiz!

General Stats

  • This quiz has been taken 7 times
  • The average score is 12 of 35

Answer Stats

DescriptionRestaurant/Retail Shop% Correct
Great hot and iced coffee choices, donuts, bagels and more from the largest coffee and baked goods chain in the world.Dunkin' Donuts®
100%
Seattle-based coffeehouse chain known for its signature roasts, light bites and WiFi availability.Starbucks
100%
A popular NYC brand offering creatively flavored mini-cupcakes and gift boxes. A first-ever airport location.Baked by Melissa
60%
Sun-kissed, fruit-filled smoothies and other healthy snack options.Jamba Juice
60%
A meat-eater's paradise, with a fun bar scene and "sidewalk" seating. 5ivesteak
40%
The airport spa for a massage, manicure, pedicure, beauty care before your flight!Be Relax
40%
Carries the latest technology for people on the go.Bluwire
40%
Choose from a wide array of fresh-cut sandwiches, wraps and paninis.Boar's Head
40%
Voted the best burger in 28 cities, this take-out spot delivers tasty burgers from 7 to 14 ounces, plus delicious fries and rings.Cheeburger Cheeburger
40%
More than 40 varieties of sandwiches and hundreds of choices for the traveler on the go.Cibo Express Gourmet Market(s)
40%
Robust menu of fresh choices created by Buddakan's Michael Schulson.Deep Blue Sushi
40%
A big NYC brand, selling candy and other merchandise in an exciting setting.Dylan's Candy Bar
40%
Hard to misinterpret *this* business name, at least.Fresh Italian Pasta
40%
The largest airport-based electronics retailer in the country, presenting the latest, most cutting-edge and diverse premium electronics.InMotion
40%
A French café with favorites such as Salad Niçoise and Ratatouille.La Vie
40%
Sophisticated sports grill with gameday favorites like burgers, sandwiches and wings.New York Sports Grill
40%
Just as the name says!Philly Cheesesteak / Pommes Frites
40%
American airport bar.Re: Vive Bars
40%
Surfer shop stocking boards of various types, plus swimwear, apparel & accessories for beach life.Ron Jon Surf Shop
40%
Currency exchange services.Travelex
40%
Mamma mia! This enticing trattoria features a modern take on classic Italian cuisine.AeroNuova
20%
Kick back and feel right at home in this Polynesian-inspired bar.Away Café
20%
New York's old-fashioned modern wine bar since 2000 AD.Bar Veloce
20%
Fresh sushi and sashimi to grab and go.Deep Blue on the Fly
20%
Quality clothing for travel, fishing & safari adventures, insect repellent & sun protection needs, and all your outdoor adventures.ExOfficio
20%
The quintessential New York pizza by the slice.Famous Famiglia Pizzeria
20%
French-inspired bakery offering a variety of breakfast pastries and artisanal breads.Horizon Bakery Café
20%
A casual dining concept featuring comfort food and an all-day breakfast menu. Customers can order from iPads.Loft
20%
Quick serve Asian specialties made to order from fresh ingredients.Lucy's Asian Kitchen
20%
A taste of Spain and the first tapas restaurant in a US airport.Piquillo
20%
Touchscreen monitors to order food and beverages for delivery gateside.Re: Vive Food Ordering Tables
20%
The authentic flavors of Mexico that will make you say "Mas, por favor."Revolución
20%
Inside the store, flat-screen televisions play videos with travel tips specific to New York and information on other destinations served by JetBlueWheretraveler Books + More
20%
Snacks and beverages, including many sourced from New York state, as well as apparel, gifts and souvenirs that capture the city's essence.NY Minute
0%
Coffees and pastries.World Bean Coffee Bar
0%

Score Distribution

Percentile by Number Answered

Percent of People with Each Score

Your Score History

You have not taken this quiz